Partial justice : women, prison, and social control
Αποθηκεύτηκε σε:
| Κύριος συγγραφέας: | |
|---|---|
| Μορφή: | Βιβλίο |
| Γλώσσα: | English |
| Δημοσίευση: |
New Brunswick, USA :
Transaction Publishers,
1990
|
| Έκδοση: | 2nd ed. |
| Θέματα: | |
| Ετικέτες: |
Προσθήκη ετικέτας
Δεν υπάρχουν, Καταχωρήστε ετικέτα πρώτοι!
|
MARC
| LEADER | 00000nam a2200000 i 4500 | ||
|---|---|---|---|
| 001 | 1/49147 | ||
| 008 | 070725s1990 eng d | ||
| 020 | |a 0-88738-826-4 (pbk.) | ||
| 035 | |l 10089109 | ||
| 040 | |a GR-MY-UA |b gre |e aacr | ||
| 041 | 0 | |a eng | |
| 082 | 0 | |a 365.430973 |2 (22) | |
| 100 | 1 | |a Rafter, Nicole Hahn |d 1939- | |
| 245 | 1 | 0 | |a Partial justice : |b women, prison, and social control / |c Nicole hahn Rafter |
| 250 | |a 2nd ed. | ||
| 260 | |a New Brunswick, USA : |b Transaction Publishers, |c 1990 | ||
| 300 | |a xxxii, 290 σ.; |c 23 εκ. | ||
| 500 | |a 5η ανατύπωση, 2004 | ||
| 504 | |a Βιβλιογραφία: σ. 261-280 | ||
| 504 | |a Περιέχει ευρετήριο | ||
| 650 | 0 | 0 | |a Women prisoners |z United states |x History. |
| 650 | 0 | 0 | |a Reformatories for women |z United States |x History. |
| 650 | 0 | 0 | |a Prisons |z United States |x History. |
| 852 | |a INST |b LESVOS |e 20070725 |h 365.430973 RAF |p 005100037790 |q 005100037790 |t BK |y 0 | ||
| 901 | |a BIBL1-2007-2 | ||
| 909 | |a Λ |b 136902 | ||
| 922 | |a 1ΕΛΗ |b 200707 |c ΕΠΕΑΕΚ2/ΤΚ |d ΕΛΕΥΘΕΡΟΥΔΑΚΗΣ | ||
| 970 | |a ΒΑΡΚΑ |b ΕΛΕΥΘΕΡΙΑ |z 2007/07/25 | ||